Statistiques concernant Pays les plus proches de l'Ouzbékistan - une minute sprint

Cliquez ici pour prendre le quiz!

Statistiques générales

  • Ce quiz a été pris 44 fois
  • Le résultat moyen est 15 sur 20

Statistiques - réponses

kmpays% Correct
0Afghanistan
89%
0Kazakhstan
89%
330Pakistan
89%
524Russie
89%
0Tadjikistan
89%
0Turkménistan
89%
0Kirghizistan
86%
484Azerbaïdjan
84%
617Inde
84%
329Iran
84%
108Chine
81%
1039Irak
81%
821Arménie
78%
774Géorgie
76%
964Turquie
76%
1517Mongolie
68%
1260Syrie
62%
1466Népal
54%
1442Koweït
41%
1543Oman
27%

Distribution des résultats

Percentile par nombre de réponses

% des personnes avec chaque résultat

Votre développement - résultats

Vous n’avez pas pris ce quiz